书目信息 |
| 题名: |
唐代墓室壁画研究
|
|
| 作者: | 李星明 著 | |
| 分册: | ||
| 出版信息: | 西安 陕西人民美术出版社 2005 |
|
| 页数: | 428页 | |
| 开本: | 29cm | |
| 丛书名: | ||
| 单 册: | ||
| 中图分类: | K879.414 | |
| 科图分类: | ||
| 主题词: | 墓室壁画--研究--中国--唐代 , 墓室壁画 | |
| 电子资源: | ||
| ISBN: | 7-5368-1825-4 | |
| 000 | 00826nam0 2200241 450 | |
| 001 | 002816232 | |
| 005 | 20070801172536.09 | |
| 010 | @a7-5368-1825-4@dCNY152.00 | |
| 100 | @a20050104d2005 em y0chiy0110 ea | |
| 101 | 0 | @achi@deng |
| 102 | @aCN@b610000 | |
| 105 | @aa z 000yy | |
| 200 | 1 | @a唐代墓室壁画研究@9tang dai mu shi bi hua yan jiu@dA study of Tang tomb murals@f李星明著@zeng |
| 210 | @a西安@c陕西人民美术出版社@d2005 | |
| 215 | @a428页@c图@d29cm | |
| 330 | @a全书由“唐代壁画墓形制与壁画配置”、“唐墓壁画图像的文化内涵”、“绘画史中的唐墓壁画”三编组成,每编3章,共9章。 | |
| 510 | 1 | @aStudy of Tang tomb murals@zeng |
| 606 | 0 | @a墓室壁画@x研究@y中国@z唐代 |
| 606 | 0 | @a墓室壁画 |
| 690 | @aK879.414@v4 | |
| 701 | 0 | @a李星明@9li xing ming@4著 |
| 801 | 0 | @aCN@bNLC@c20070801 |
| 905 | @a10447@dK879.414@e250 | |
| 唐代墓室壁画研究=A study of Tang tomb murals/李星明著.-西安:陕西人民美术出版社,2005 |
| 428页:图;29cm |
| ISBN 7-5368-1825-4:CNY152.00 |
| 全书由“唐代壁画墓形制与壁画配置”、“唐墓壁画图像的文化内涵”、“绘画史中的唐墓壁画”三编组成,每编3章,共9章。 |
| ● |
| 相关链接 |
|
|
|
|
正题名:唐代墓室壁画研究
索取号:K879.414/250
 
预约/预借
| 序号 | 登录号 | 条形码 | 馆藏地/架位号 | 状态 | 备注 |
| 1 | 0800119 | 208001197 | 第二样本阅览室/ [索取号:K879.414/250] | 在馆 | |
| 2 | 0800120 | 208001204 | 第二借阅区/ [索取号:K879.414/250] | 在馆 | |
| 3 | 0800121 | 208001213 | 第二借阅区/ [索取号:K879.414/250] | 在馆 |